000 00837nam a22002057a 4500
003 OSt
005 20260316234318.0
008 260316b |||||||| |||| 00| 0 eng d
020 _a978-0-545-48193-9
040 _aDWCL GS lib
_cOC
100 _aSTILTON, GERONIMO
245 _aRumble in the jungle
_cSTILTON, GERONIMO
260 _aNew York
_bScholastic
_c2011
300 _avii, 108 pages
_c19 cm.
520 _aThe "Rumble in the Jungle" was a historic heavyweight boxing match on October 30, 1974, in Kinshasa, Zaire, where underdog Muhammad Ali knocked out the undefeated champion George Foreman in the eighth round.
546 _aEnglish
650 _2Jungle/Drum 'n' Bass music,
650 _2introduce young readers to various jungle animals, their characteristics, and their habitats.
942 _2ddc
_cFIC.
_hFic.
_n0
999 _c9168
_d9168